[Event "Sinquefield Cup 6th"]
[Site "Saint Louis"]
[Date "2018.08.21"]
[Round "4"]
[White "Caruana, Fabiano"]
[Black "Nakamura, Hikaru"]
[Result "1-0"]
[WhiteElo "2822"]
[BlackElo "2777"]
[Annotator "Sadorra,J"]
[PlyCount "97"]
[EventDate "2018.08.18"]
[EventType "tourn"]
[EventRounds "9"]
[EventCountry "USA"]
[EventCategory "22"]
[SourceTitle "CBM 186"]
[Source "ChessBase"]
[SourceDate "2018.09.14"]
[SourceVersion "1"]
[SourceVersionDate "2018.09.14"]
[SourceQuality "1"]

1. d4 Nf6 2. c4 e6 3. Nf3 d5 4. Nc3 Be7 5. g3 $5 {This move heads towards
Catalan-like positions.} dxc4 6. Bg2 O-O 7. Ne5 Nc6 8. Bxc6 bxc6 9. Nxc6 Qe8
10. Nxe7+ Qxe7 11. Qa4 c5 12. dxc5 Qxc5 13. Be3 Qc7 {In the 2nd round of the
event, Magnus had this position against Karjakin with a pawn on a3.} 14. O-O-O
$5 $146 {According to Caruana, he found this idea a few months ago.} Ng4 15.
Rd2 {It is more important to cover b2 than to attack the weak c4-pawn.} ({
Another possible way to continue is} 15. Rd4 Nxe3 16. fxe3 Rb8 17. Rhd1 (17.
Rxc4 $4 Qb7) 17... e5 18. Rxc4 Qb6 $11) 15... Nxe3 16. fxe3 Rb8 17. Rhd1 a5 {
This fresh middlegame position is dynamically balanced, but it seems
practically easier to play White rather than Black. The latter has more weak
pawns to take care of and it is better to have the knight in this type of
structure.} (17... e5 $5 {While the engine suggests this, it's difficult to
decide on it otb. It opens up a diagonal for the bishop but it also gives
White's knight a good square on d5.} 18. Nd5 Qb7 19. Qc6 $1 Be6 20. Qxb7 Rxb7
21. Nc3 {with a roughly equal ending, but I think it might be easier to play
for White when one or both pairs of rooks are traded off.}) 18. Kb1 $1 {
Necessary prophylaxis to improve king safety.} h6 {Black does the same by
creating an airhole for his king.} 19. Ka1 Rb4 20. Qc2 Rb8 {Nakamura couldn't
find a way to coordinate his pieces well with a rook on b4 so decided to
reconnect with the other rook.} (20... Bb7 21. Rd7 Qb6 (21... Qe5 22. Qd2) (
21... Qc5 22. Qd2) 22. Qd2 {and in all cases, White has improved his piece
harmony more than Black did.}) 21. Qe4 Bb7 22. Qd4 Ba8 23. e4 (23. Qd7 {
doesn't lead anywhere after} Qb6 24. Qd4 Qc7 25. Qd6 Qa7 $1 $11) 23... Rfc8 24.
Qf2 (24. e5 $5 {Preparing a kingside expansion is an interesting idea here:}
Qb7 (24... Qe7 25. h4 {[%cal Gd4f2,Gg3g4]}) 25. Qf4 Qb6 26. h4 $40 {[%cal
Gg3g4,Rg4g5,Rh4h5]}) 24... Bc6 25. Qc5 $1 {This must've been annoying for
Nakamura to face as it almost forces an ending which makes life more difficult
for Black due to his weak pawns.} Be8 26. Qxc7 Rxc7 27. Rd6 (27. Rd8 $5 Rcc8
28. Rxc8 Rxc8 29. Rd6 $14) 27... Kf8 28. Ra6 Rc5 29. Ra7 $14 {The rook on a7
is both annoying and powerful!} Rbc8 30. Kb1 Rh5 31. h4 Re5 32. Kc2 g5 33. Rf1
{I like this more than the engine's suggestion of letting go of the h-pawn.} (
33. Rd6 Bc6 34. Rd4 Be8 35. Kd2 gxh4 36. gxh4 Rh5 $132) 33... Kg7 ({Now} 33...
gxh4 34. gxh4 Rh5 {can be met with} 35. Rf4 {where White keeps his advantage
without allowing counterplay.}) 34. Rb7 $1 {[%csl Rb2][%cal Gc2d2,Gd2e3,Gb7b2,
Gb7b8] An important controlled move to make before bringing the king to the
center.} Kg6 35. Kd2 f5 $2 {Nakamura gets impatient, but it's difficult to
blame him as such positions are difficult to play.} ({The best plan is to try
to get rid of the annoying rook on b7.} 35... Rec5 36. Ke3 (36. Rh1 $5 R5c7 37.
Rxc7 Rxc7 38. hxg5 Kxg5 (38... hxg5 39. Rh8 Bc6 40. Ke3 $14) 39. Rh4) 36...
R5c7 37. Rxc7 (37. Rb6 Rc6) 37... Rxc7) 36. hxg5 fxe4 (36... hxg5 37. Rh1 {
[%cal Rb7h7,Rh1h6] looks scary for Black.} fxe4 38. Ke3 Bc6 39. Rbh7 Kf5 40.
Rg1 Kg4 41. Rh6 $1 $16 {[%cal Re3d4,Rc3d1,Rd1f2]}) 37. Ke3 Bc6 38. Re7 $1 {
Tying down the rook to the defence of e6. It's impressive how accurately
Caruana is playing here!} Rxg5 (38... hxg5 39. Kd4 {A nice picture of the king,
with his troops, capturing an enemy rook in the middle of the board.} Rf5 40.
Rxe6+ $18) 39. Rxe6+ Kg7 {Now there's more than one way that leads to Rome as
Black's pawns simply drop off and his pieces are severely lacking coordination.
} 40. Re7+ Kg6 41. Rd1 Kf6 (41... Rxg3+ 42. Kf4 Rg2 43. Rd6+ Kh5 44. Re5+ Rg5
45. Ree6 $18) 42. Ra7 Ke6 43. Rh1 h5 44. g4 $1 {The last small tactic or
tactical blow, whatever you like to call it leads to a nice win for White!} Be8
45. gxh5 Bxh5 46. Nxe4 {The power of centralisation.} Rf5 47. Ra6+ Ke7 48. Nd6
Re5+ 49. Kd4 {Black is suffering too much material loss, so he resigned.  A
nice opening idea and controlled technical play by Caruana. It's an
interesting coincidence that he used an opening and style that Magnus used to
win earlier in the event, almost as if he is saying "Whatever you can do, I
can do!"} 1-0

[Event "Tata Steel-A 79th"]
[Site "Wijk aan Zee"]
[Date "2017.01.25"]
[Round "10"]
[White "So, Wesley"]
[Black "Wojtaszek, Radoslaw"]
[Result "1-0"]
[WhiteElo "2808"]
[BlackElo "2750"]
[Annotator "So,Wesley"]
[PlyCount "67"]
[EventDate "2017.01.14"]
[EventType "tourn"]
[EventRounds "13"]
[EventCountry "NED"]
[EventCategory "21"]
[SourceTitle "CBM 177"]
[Source "ChessBase"]
[SourceDate "2017.03.16"]
[SourceVersion "1"]
[SourceVersionDate "2017.03.16"]
[SourceQuality "1"]

{I really, really needed to do well at Tata Steel Chess this year.  First, I
have been coming here since I was sixteen years old and my goal has always
been to rise to the A group and win it. Okay, I finally got into A group when
I was twenty, but when oh when, was I ever going to win it? The field gets
stronger every year and this year was the fiercest competition ever. If I
didn’t make a big push right now, if it didn’t happen for me this year …
who knows? Maybe I would never get another chance.  Second, I heard a whisper
that Karpov was coming to present the top award. What? I have studied just
about every game he ever played. Would I actually meet him in person? Would it
be a great moment? Or an embarrassing one? Third, I wanted to be invited to
the Tata Steel Chess 80th anniversary in 2018 and my performance last year 
(2016) wasn’t that hot.    Before this game I'd made four draws in a row. I
was still leading the tournament with 6.0/9 but I knew that of course sooner
or later someone would catch up with me. Yikes, I needed to start winning
games! But the question was, how? I know it seems "easy" to people watching
but trust me you need more than "luck" to swim in a tank of hungry and savvy
predators. It makes me laugh when people make comments that you should do this
or do that. Stepping it up against chess players of this calibre takes an
incredible amount of nerve.   For example, in the 10th round I was playing GM
Radoslaw Wojtaszek, one of the strongest players in the world. In terms of
chess skill he is a totally solid, well-rounded and detailed player, with a
very well-prepared and excellent opening repertoire. In the opening lines he
chooses, he has vast experience. My only hope was that Radek was having a
slightly unstable tournament in Wijk. Before this game he had 4.0/9 and the
positions he had been getting were not entirely to his taste. Feeling the need
to advance, I tried to psyche myself up with the thought that although it
would be a tough fight, I might have a chance. MIGHT. In these super
tournaments you need to build up in your mind any slight hope that you imagine
exists or you go in unarmed.} 1. c4 (1. e4 c5 2. Nf3 d6 3. d4 cxd4 4. Nxd4 Nf6
5. Nc3 a6 {I seriously considered going for 1.e4 and the Najdorf Sicilian
although Radek has played hundreds of games here with Black. I dropped the
idea because after briefly checking some lines I realised how hard it is to
find an advantage for White in any of them. No wonder even top players have
started experimenting with 6.a3 or 6.Nb3...}) 1... Nf6 2. Nf3 e6 3. g3 d5 4. d4
({I wanted to avoid} 4. Bg2 dxc4 5. Qa4+ Bd7 6. Qxc4 c5 {as it looks really
solid for Black. In Gibraltar, Michael Adams outplayed his opponent} 7. Ne5 Qc8
8. d3 Nc6 9. Nxd7 Qxd7 10. Nd2 {followed by Nf3, but the computer insists the
position is approximately equal.}) 4... Be7 {Anyway, I said a prayer and
decided on the Catalan. Perhaps inspired by Levon Aronian's victory with the
Black pieces against Eljanov in Round 5, Radek simply goes for the solid
classical main line.} ({But also the check} 4... Bb4+ 5. Bd2 {is always going
to be a very solid choice against the Catalan. Here 5...Bxd2+, 5...Bd6, and 5..
.Be7 are all completely fine options.}) 5. Bg2 O-O 6. Qc2 $5 {A relatively
rare variation which is like a breath of fresh air compared to the deeply
analysed main line 6.0-0. This 6.Qc2 has been played by Top GMs such as
Aronian, Gelfand, Giri, Nakamura, Li Chao, and Wojtaszek(!). It had been
suggested to me by my coach and I was also inspired to try it after Nakamura
used it against Carlsen in Bilbao 2016. I analysed it for both sides and found
there were ways for Black to equalise, but decided to give it a try anyway.} ({
Radek has tons of experience in the Catalan as well, playing it with both
sides. Let me show one highly entertaining game of his played recently in the
Bundesliga, which is also very important for the theory of the 8.Nxc6 line:} 6.
O-O dxc4 7. Ne5 Nc6 8. Nxc6 bxc6 9. Na3 Bxa3 10. bxa3 Ba6 11. Qd2 Rb8 12. Qa5
Rb6 13. a4 Qd6 14. Qc3 (14. e4 Qb4 15. Qxb4 Rxb4 16. Ba3 Rxa4 17. Bxf8 Kxf8 18.
a3 c5 $11) 14... Rd8 15. Ba3 Qxd4 16. Qxd4 Rxd4 17. Bc5 Rd5 $1 {A very
powerful move, which the computer has trouble understanding at first.} ({
White has better chances after} 17... Rd6 18. Rfd1 Rxd1+ 19. Rxd1 Rb8 20. Bxa7
Rf8 21. Bxc6 Nd5 22. a3 $14) 18. Bxd5 cxd5 19. Bxb6 axb6 {The connected pawn
chains provide sufficient compensation for the sacrificed rooks.} 20. Rab1 (20.
Rfb1 Kf8 21. a5 b5 22. a4 c6 23. axb5 cxb5 24. Rxb5 Bxb5 25. a6 Bxa6 26. Rxa6
Ke7 $11) 20... Kf8 21. a5 ({After} 21. Rb4 Ne4 22. Rc1 Ke7 {I would prefer
Black.}) 21... b5 22. a4 c6 23. axb5 cxb5 24. Rxb5 $1 {Sacrificing a rook for
a pawn! White didn't really have another choice here.} (24. Rb4 Ne4 25. Rc1 Ke7
26. f3 Nd6 $19 {is totally winning for Black.}) 24... Bxb5 25. Rb1 Bd7 $1 (
25... Bc6 $2 26. Rb6 $18) 26. a6 Ne8 27. a7 Bc6 28. Rb6 Ba8 29. Rb8 Bc6 30. Rc8
Bb7 31. Rb8 Bc6 32. Rc8 Bb7 33. Rb8 {½-½ (33) Wojtaszek,R (2746)-Jakovenko,D
(2714) Germany 2016}) 6... c5 (6... dxc4 7. Qxc4 a6 {gives White the extra
options of 8.Bg5 or 8.Qc2.}) 7. O-O Nc6 (7... cxd4 8. Nxd4 e5 9. Nf5 d4 10.
Nxe7+ Qxe7 {was played in a game between Aronian and Carlsen, with Black
holding an easy draw.}) 8. dxc5 d4 9. a3 (9. Bg5 {was what Radek played a few
months ago. After} Nd7 10. Bxe7 Qxe7 11. b4 Nxb4 12. Qb2 Nc6 13. Nxd4 Nxd4 14.
Qxd4 Nxc5 $11 {it's clear that with such a strong knight on c5, Black has
absolutely no problems.} 15. Nd2 Rd8 16. Qe3 Rb8 17. Nb3 b6 18. Rfd1 Ba6 19.
Nd4 Bb7 20. Bxb7 Qxb7 21. Nb3 Qc7 22. Nxc5 Qxc5 23. Qxc5 bxc5 24. Rxd8+ Rxd8
25. Rb1 g6 26. Rb7 Rd2 27. Rxa7 Rxe2 28. Ra5 Rc2 29. Rxc5 Rxa2 30. Kg2 Rc2 31.
Rc7 Kg7 {½-½ (31) Wojtaszek,R (2729)-Kryvoruchko,Y (2682) Poland 2016}) 9...
a5 (9... e5 10. b4 e4 11. Ng5 {does not give Black enough activity for his
pawn.} d3 12. exd3 Nd4 13. Qb2 exd3 14. Nc3 $16) 10. Rd1 e5 ({A good
alternative is} 10... Bxc5 11. Nc3 Qe7 12. Na4 e5 13. Bg5 Ba7 {where the
position is complex, but Black should be okay. He is going to win the bishop
pair next with h7-h6.}) 11. Nc3 Bxc5 (11... Nd7 12. Nd5 Nxc5 13. b3 Be6 14. Rb1
$13) 12. Nd5 h6 ({The alternative} 12... Ng4 $5 {is very concrete but perhaps
very good. I don't think Black should play it without having analysed it at
least, but it should be enough to equalise.}) 13. Bd2 {Preparing b2-b4.
Starting from move 10 onwards Radek was using quite a lot of time, and it gave
me hope that I might be able to fight for something real in this game.} a4 (
13... Bg4 $1 14. b4 (14. h3 Bh5 15. Nxe5 Nxe5 16. Qf5 Bxe2) 14... axb4 15. axb4
d3 $1 16. Qxd3 Rxa1 17. Rxa1 e4 {is the main line of my analyses, with the
game petering out to a draw. So 13...Bg4 might be the simplest solution.}) (
13... Ng4 $5) 14. Bb4 Nxb4 (14... Bd6 {might be the best defence, but it's not
an easy move to make as the pawn on a4 will be hanging.} 15. Bxd6 Qxd6 16. Nb6
(16. Rac1 Nd7) 16... Ra5 {but here it turns out that Black will get enough
activity if White captures the pawn on a4:} 17. Nxa4 e4 18. c5 Qd8 19. Ne1 d3
20. exd3 Nd4 21. Qc4 Be6 $132) (14... Nd7 {is not very attractive, with the
bishop on c8 locked in.} 15. e3 $14) 15. axb4 Nxd5 16. bxc5 ({After} 16. cxd5
$2 Bd6 17. Rxa4 Bd7 18. Rxa8 Qxa8 $15 {Black is simply better even with a pawn
down! Fortunately I did not choose this, as my bishop is blocked in and White
would have to suffer for a while here.}) 16... Nb4 17. Qd2 Nc6 18. b4 $1 {
Radek said afterwards that he missed this while calculating his 14th move. And
I agree, it can be easy to miss! Of course for me this is the only way to
continue my fight for an advantage so I am holding my breath.} Qe7 ({During
the game and even now I think that} 18... Be6 $1 {is the best move for Black.
Again, I was happy that Radek was using quite a bit of time and in the end
chose 18...Qe7. But after 18...Be6, attacking c4 Black might be just fine, for
example:} 19. b5 (19. e3 Bxc4 20. exd4 e4 21. Ne5 Nxe5 22. dxe5 Bd3 $11) 19...
Na5 20. Qb4 (20. Rxa4 Nxc4 21. Rxa8 Qxa8 22. Qb4 Qa2 $132) (20. Nxe5 Nb3 21.
Qb4 (21. Qf4 Nxc5 22. Rxd4 Qa5 $44) 21... Nxa1 22. Rxa1 Qe7 $13) 20... Nxc4 (
20... Nb3 21. Ra3) 21. Rac1 $1 {Of course I didn't see this move from afar, 
(it's almost impossible to spot it over the board) but it's not enough for an
advantage anyway.} Na5 22. Nxe5 (22. c6 bxc6 23. Nxe5 cxb5 24. Bxa8 Qxa8 25.
Qxb5 a3 $44) 22... Nb3 23. Bxb7 Nxc1 24. Rxc1 Qa5 25. Qa3 Qxb5 26. Bxa8 Rxa8
27. Nf3 Qb3 28. Qxb3 axb3 29. Rb1 {and White even has to take some little care
to draw.}) 19. Qb2 $1 {Now my queen is ideally placed, and I achieve some
stability over the position. I can protect my c4-pawn with Nd2, and I can
slowly round up the a4-pawn or start pushing my queenside pawns with b5, etc.}
Bg4 20. Re1 {A good prophylactic move! Later some people told me they really
liked this move, and it's also the choice of the computer! The idea is simple
and logical : I want to play Nd2 to control the centre, while I get pressure
on the e-file by recapturing with the e-pawn if he decides to swap off my
knight on f3.} (20. b5 {is not enough after} Nd8 {and later ...Ne6.} 21. Qa3
Re8 {followed by ...Rc8, etc.}) 20... Rfd8 (20... Bxf3 21. exf3 Qe6 22. Bf1 Qf5
23. Ra3 $16) 21. Nd2 Be6 $6 (21... d3 {can be simply met by} 22. e3) 22. b5 $1
{White's advantage is growing with each move and now the time to strike has
come!} Nb8 (22... Na5 23. Rxa4 Qxc5 24. Qa2 $18) 23. Qb4 f5 (23... a3 24. Nb3
a2 25. Na5) 24. Nb3 $1 {I was about to take on a4, fortunately I spotted an
even stronger continuation!} (24. Rxa4 Rxa4 25. Qxa4 Qxc5 26. Bxb7 e4 $14 {
is not very clear.}) 24... Nd7 {This loses right away, but then again it's
probably too late for Black to make a comeback.} (24... a3 25. Rxa3 Rxa3 26.
Qxa3 Bxc4 27. Na5 $18) (24... e4 25. Rxa4 Rxa4 26. Qxa4 Nd7 (26... Bf7 27. Rd1)
27. c6 bxc6 (27... Nb6 28. Qa7) 28. Nxd4 Nc5 29. Qa1 $18) 25. Bxb7 Rab8 26.
Rxa4 Rxb7 27. c6 Qxb4 28. Rxb4 Rc7 29. cxd7 Rxc4 (29... Rdxd7 30. c5 Bxb3 31.
c6 $18) 30. Rxc4 Bxc4 31. Rc1 {It's quite unfortunate for Black, but
everything from move 25 is forced up to here. His king is one square too far
away from the battle.} Be6 32. Rc8 ({Even faster is} 32. b6 $1 Rxd7 (32... Kf7
33. b7 Bxd7 34. Rc7) 33. Rc8+ Kf7 34. Nc5 $18 {but I didn't really consider
anything but 32.Rc8, as with my move I trade all the pieces and win a piece
for a pawn.}) 32... Rxc8 33. dxc8=Q+ Bxc8 34. b6 {Here Radek resigned as Black
has no way to set up a fortress. White definitely has enough pawns to make
sufficient progress in this ending.} (34. f4 $18 {This game was really
important to win the Tata Steel tournament, as it ended my series of draws and
it motivated me to do even better in the remaining rounds in order not to
relinquish the lead. Kudos and respect to GM Radek, an excellent chess player
and very nice human being!}) 1-0